[Event "Bhubaneswar op-A 13th"]
[White "Aditya, P Melani"]
[Black "Gusain, Himal"]
[Site "Bhubaneswar"]
[Round "2"]
[Result "0-1"]
[Date "2022.05.23"]
[WhiteElo "1855"]
[BlackElo "2396"]
[PlyCount "56"]
[EventDate "2022.05.22"]
[EventType "swiss"]
[EventRounds "10"]
[EventCountry "IND"]
[SourceTitle "CBM 208 Extra"]
[Source "ChessBase"]
[SourceDate "2022.07.31"]
[SourceVersion "1"]
[SourceVersionDate "2022.07.31"]
[SourceQuality "1"]

1. c4 e5 2. g3 c6 3. Nc3 d5 4. d4 e4 5. Bg2 Bb4 6. Qb3 Ba5 7. Nh3 h6 8. 0-0 Nf6 9. Qa3 dxc4 10. Bf4 Na6 11. Bd6 Bc7 12. Bxc7 Nxc7 13. Qc5 Ne6 14. Qxc4 Qxd4 15. Qxd4 Nxd4 16. Rfd1 Nf5 17. Nxe4 Nxe4 18. Bxe4 Nxg3 19. hxg3 Bxh3 20. Rd3 Be6 21. Rd4 Ke7 22. Rb4 Rab8 23. a4 c5 24. Rxb7+ Rxb7 25. Bxb7 Rb8 26. Ba6 Rxb2 27. Kf1 c4 28. Rc1 Rb6 0-1

[Event "Guwahati op 1st"]
[White "Aditya, P Melani"]
[Black "Visakh, Narayanan Rajeswari"]
[Site "Guwahati"]
[Round "2"]
[Result "1/2-1/2"]
[Date "2022.03.15"]
[WhiteElo "1852"]
[BlackElo "2522"]
[PlyCount "240"]
[EventDate "2022.03.14"]
[EventType "swiss"]
[EventRounds "10"]
[EventCountry "IND"]
[SourceTitle "CBM 207 Extra"]
[Source "ChessBase"]
[SourceDate "2022.05.31"]
[SourceVersion "1"]
[SourceVersionDate "2022.05.31"]
[SourceQuality "1"]

1. c4 e5 2. g3 c6 3. d4 e4 4. Nc3 d5 5. Bg2 Nf6 6. Bg5 Nbd7 7. cxd5 cxd5 8. Rc1 Be7 9. Qb3 0-0 10. Nh3 Nb6 11. 0-0 h6 12. Bf4 g5 13. Be5 Ne8 14. Nb5 Nc4 15. f3 exf3 16. exf3 f6 17. Rxc4 dxc4 18. Qxc4+ Kg7 19. Bc7 Qd7 20. Ba5 b6 21. Bc3 Ba6 22. a4 Nd6 23. Qd5 Rad8 24. Nxd6 Bxd6 25. Ra1 Rfe8 26. Nf2 Bb7 27. Qb3 Qe6 28. Qb5 Qd5 29. Qd3 a6 30. Nd1 Qe6 31. Kf2 Bc8 32. Ne3 Qf7 33. Bf1 Re7 34. Nf5+ Bxf5 35. Qxf5 Rh8 36. h4 a5 37. Bd3 Bb4 38. Bxb4 axb4 39. a5 bxa5 40. Rxa5 Rd7 41. d5 b3 42. Rb5 Re7 43. d6 Re5 44. Rxe5 fxe5 45. Qxe5+ Qf6 46. Qe4 Qxd6 47. Qb7+ Kf6 48. Qxb3 Rc8 49. Qb5 Rc5 50. Qa6 Rc2+ 51. Ke3 Qxa6 52. Bxa6 Rg2 53. Bf1 Rxb2 54. Bh3 Ra2 55. Bg4 Rb2 56. Ke4 Rb3 57. Be6 Ra3 58. Bd7 Ra7 59. Bb5 Rb7 60. Bd3 Re7+ 61. Kd4 Re1 62. Be4 Rg1 63. g4 Rd1+ 64. Bd3 Ra1 65. Kd5 Ra5+ 66. Kd4 Ke6 67. Bc4+ Kd6 68. Bd3 Ra4+ 69. Ke3 Ke5 70. Be4 Ra3+ 71. Kf2 Kf4 72. Kg2 Ra2+ 73. Kh3 Rd2 74. Bc6 Ke3 75. Kg3 Rd4 76. Bb7 Rd1 77. Kg2 Kf4 78. Bc6 Rd2+ 79. Kh3 Rc2 80. Bd5 Rb2 81. hxg5 hxg5 82. Be4 Rd2 83. Bc6 Ke3 84. Kg3 Rf2 85. Kh3 Kf4 86. Be4 Ra2 87. Bd5 Rb2 88. Be4 Ke3 89. Kg3 Ra2 90. Bd5 Ra1 91. Kg2 Rd1 92. Bb7 Rd2+ 93. Kg3 Rb2 94. Bc6 Kd4 95. Ba8 Ra2 96. Bb7 Kc3 97. f4 gxf4+ 98. Kxf4 Kd4 99. Bf3 Ra8 100. g5 Rg8 101. Kg4 Ke5 102. Bd1 Rd8 103. Bf3 Ke6 104. Kh5 Kf7 105. g6+ Kg7 106. Kg5 Rd6 107. Be4 Ra6 108. Bd3 Ra5+ 109. Kf4 Kf6 110. Ke3 Ke5 111. Kd2 Ra2+ 112. Kc3 Ra3+ 113. Kd2 Kd4 114. Bf5 Ra2+ 115. Kc1 Rg2 116. g7 Rxg7 117. Kb2 Ke5 118. Bb1 Kd4 119. Ka1 Ra7+ 120. Ba2 Kc3 1/2-1/2

[Event "MPL-ch U20 50th"]
[White "Utsab, Chatterjee"]
[Black "Aditya, P Melani"]
[Site "Gurugram"]
[Round "3"]
[Result "1-0"]
[Date "2022.03.10"]
[WhiteElo "2324"]
[BlackElo "1852"]
[PlyCount "99"]
[EventDate "2022.03.09"]
[EventType "swiss"]
[EventRounds "9"]
[EventCountry "IND"]
[SourceTitle "CBM 207 Extra"]
[Source "ChessBase"]
[SourceDate "2022.05.31"]
[SourceVersion "1"]
[SourceVersionDate "2022.05.31"]
[SourceQuality "1"]

1. e4 c5 2. Nf3 Nc6 3. d4 cxd4 4. Nxd4 Nf6 5. Nc3 e6 6. Nxc6 bxc6 7. Bd3 d5 8. 0-0 Be7 9. b3 0-0 10. Bb2 a5 11. Qe2 Qb6 12. Na4 Qa7 13. c4 dxe4 14. Bxe4 Nxe4 15. Qxe4 Rd8 16. Rad1 Bb7 17. Qg4 Bf8 18. Bf6 Rxd1 19. Rxd1 Re8 20. Rd7 Qb8 21. Nc5 Bc8 22. Rd1 e5 23. Qg3 Bf5 24. Na4 Bg6 25. Bg5 f6 26. Be3 Rd8 27. Qf3 Be4 28. Qe2 Rxd1+ 29. Qxd1 Qd6 30. Qe1 Qa3 31. Qa1 Bc2 32. Bc1 Qd6 33. Bb2 Qd3 34. c5 e4 35. Bd4 Bb1 36. h3 Bc2 37. Be3 Be7 38. Qe1 Bb1 39. Nc3 Bc2 40. Ne2 Bd8 41. Nf4 Qd1 42. Qxd1 Bxd1 43. Kf1 Kf7 44. Ke1 Bc2 45. Kd2 Bb1 46. Kc1 Bd3 47. Nxd3 exd3 48. Kd2 Ke6 49. Kxd3 Kd5 50. b4 1-0

[Event "Mumbai Mayors Cup 12th"]
[White "Aditya, P Melani"]
[Black "Vasquez Schroder, Rodrigo Rafael"]
[Site "Mumbai"]
[Round "1"]
[Result "0-1"]
[Date "2019.06.09"]
[WhiteElo "1871"]
[BlackElo "2476"]
[PlyCount "118"]
[EventDate "2019.06.09"]
[EventType "swiss"]
[EventRounds "10"]
[EventCountry "IND"]
[SourceTitle "CBM 190 Extra"]
[Source "ChessBase"]
[SourceDate "2019.07.15"]
[SourceVersion "1"]
[SourceVersionDate "2019.07.15"]
[SourceQuality "1"]

1. c4 e5 2. g3 Nf6 3. Bg2 c6 4. d4 e4 5. Nc3 d5 6. Bg5 Bb4 7. Qb3 Bxc3+ 8. bxc3 Nbd7 9. e3 Nb6 10. cxd5 cxd5 11. f3 exf3 12. Nxf3 Qd6 13. Bxf6 Qxf6 14. 0-0 0-0 15. Rae1 Be6 16. Ne5 Qe7 17. Qb4 Rfe8 18. Qxe7 Rxe7 19. c4 dxc4 20. e4 Rae8 21. Nf3 Bd7 22. Nd2 Bb5 23. Rf5 a6 24. Rc1 Rd8 25. d5 Rc7 26. Nb1 f6 27. Nc3 Bd7 28. Rf2 Nc8 29. e5 fxe5 30. Re1 Nd6 31. Rxe5 Re8 32. Rxe8+ Bxe8 33. Bh3 Re7 34. Kf1 Bf7 35. Re2 Kf8 36. Be6 b5 37. Re5 Bxe6 38. dxe6 Nf7 39. Re2 Nd8 40. Rf2+ Kg8 41. Rd2 Nxe6 42. Rd6 Nc5 43. Nd5 Re5 44. Nb4 Rf5+ 45. Ke2 Rh5 46. h4 a5 47. Nc6 Ne4 48. Rd8+ Kf7 49. Kf3 Nf6 50. Nxa5 Rc5 51. Rd1 Ke6 52. Rc1 Kd5 53. Rd1+ Ke5 54. Ke3 b4 55. Nb7 Rc7 56. Na5 Nd5+ 57. Kd2 Kd4 58. Kc1+ Kc5 59. Rf1 Ra7 0-1

[Event "Mumbai Wealth op 3rd"]
[White "Aditya, P Melani"]
[Black "Thanki, Hemal Karsanji"]
[Site "Mumbai"]
[Round "4"]
[Result "1/2-1/2"]
[Date "2018.01.02"]
[WhiteElo "1634"]
[BlackElo "2108"]
[PlyCount "91"]
[EventDate "2017.12.30"]
[EventType "swiss"]
[EventRounds "9"]
[EventCountry "IND"]
[SourceTitle "CBM 182 Extra"]
[Source "ChessBase"]
[SourceDate "2018.02.23"]
[SourceVersion "1"]
[SourceVersionDate "2018.02.23"]
[SourceQuality "1"]

1. e4 g6 2. d4 Bg7 3. Nc3 c6 4. f4 d5 5. e5 h5 6. Nf3 Nh6 7. Be3 Bg4 8. Be2 Bxf3 9. Bxf3 e6 10. Qd2 Nd7 11. Ne2 Bf8 12. g3 Qb6 13. c3 Nf5 14. Bf2 Rc8 15. h3 Be7 16. Kf1 Qa6 17. g4 Ng7 18. Kg2 c5 19. Rhc1 Nb6 20. b3 c4 21. Qc2 Qb5 22. a4 Qd7 23. b4 g5 24. a5 Na8 25. Be3 gxf4 26. Nxf4 Kd8 27. Nxh5 Nxh5 28. gxh5 Kc7 29. Kh2 f6 30. Bf4 Rcf8 31. Qe2 Kc8 32. Rg1 Nc7 33. Rg7 Ne8 34. Rg6 Rh7 35. Bg4 Ng7 36. h6 Nf5 37. Bxf5 exf5 38. exf6 Bxf6 39. Rag1 Re7 40. Be5 Bxe5+ 41. dxe5 Qe8 42. e6 f4 43. Qf2 Kb8 44. Qc5 f3 45. Rg7 f2 46. Rf1 1/2-1/2